| 000 | 02910njm a2200565 i 4500 | ||
|---|---|---|---|
| 001 | 196096 | ||
| 003 | ES-MaACL | ||
| 005 | 20250904042257.0 | ||
| 007 | sd*fsngnnmmned | ||
| 008 | 240209s2006 sp opn d / ita | ||
| 015 | _aSON06 | ||
| 017 |
_aM 48051-2006 _bOficina Depósito Legal Madrid |
||
| 020 | _a9788496832206 | ||
| 035 | _a(OCoLC)733210512 | ||
| 035 | _a(SpMaBN)a4579716 | ||
| 040 |
_aSpMaBN _bspa _cSpMaBN _erdc |
||
| 100 | 1 |
_aBellini, Vincenzo, _d1801-1835 _9240607 _ecmp |
|
| 240 | 1 | 0 | _aNorma |
| 245 | 1 | 0 |
_aNorma / _cBellini ; libreto de Felice Romani _h[Grabación sonora] |
| 260 |
_aMadrid : _bPrisa Innova, _cD.L. 2006 |
||
| 264 | _a©2007 | ||
| 300 |
_a2 discos (CD Audio) + _e1 libro (76 páginas) |
||
| 336 |
_2rdacontent _amúsica (interpretada) |
||
| 337 |
_2rdamedia _aaudio |
||
| 338 |
_2rdacarrier _avolumen |
||
| 490 | 1 |
_aLos clásicos de la ópera, 400 años ; _v20 |
|
| 500 | _aRemasterizado | ||
| 511 | 1 | _aMontserrat Caballé, Robleto Merolla, Fiorenza Cossotto, Ivo Vinco, Nino Venturini, Anna Maria Balboni ; Orquesta y Coro de la RAI de Turín ; Georges Prêtre, director musical. | |
| 518 | _aGrabado en Turín el 25 de mayo de 1971 | ||
| 520 | _aNorma, la ópera más conocida de Vincenzo Bellini, se sitúa en el corazón mismo del belcantismo y, aunque fundamentada aún en el legado neoclásico, establece ya el paradigma, junto a la donizettiana Lucia de Lammermoor (1835), de la primera ópera romántica italiana del primer tercio del siglo XIX. Desde su estreno en Milán en 1831, Norma siempre ha estado en el repertorio y ha desafiado, como pocos títulos han podido hacerlo, los cambios que en los ciento cincuenta años siguientes se iban a producir en las modas y en los gustos del público. | ||
| 650 | 7 |
_aÓperas- _9137584 _vLibretos |
|
| 655 | 7 |
_aLibretos _2 _9242219 |
|
| 700 | 1 |
_aRomani, Felice, _d1788-1865- _tNorma- _lEspañol-Italiano _9238205 _elbt |
|
| 700 | 1 |
_aCaballé, Montserrat, _d1933-2018 _9240608 _eprf |
|
| 700 | 1 |
_aMerolla, Robleto _9238207 _eprf |
|
| 700 | 1 |
_aCossotto, Fiorenza, _d1935- _9238208 _eprf |
|
| 700 | 1 |
_aVinco, Ivo, _d1927-2014 _9238209 _eprf |
|
| 700 | 1 |
_aVenturini, Nino _9238210 _eprf |
|
| 700 | 1 |
_aBalboni, Anna Maria _9238211 _eprf |
|
| 700 | 1 |
_aPrêtre, Georges _d1924-2017 _9238212 _emsd |
|
| 710 | 2 |
_aRadiotelevisione italiana- _bOrchestra Sinfonica di Torino _9235567 |
|
| 710 | 2 |
_aRadiotelevisione italiana. _bCoro di Torino _9238180 |
|
| 852 |
_aES-MaACL _bR.155036 _cDEPOJ _jN-9815 _hDonación: Miren Fernández _xEncuadernación cartoné _pVolumen 20 _9205688 |
||
| 903 |
_aFernández, Miren _ednr |
||
| 942 |
_cMONOGRAFIA _n0 |
||
| 999 |
_c196096 _d196096 |
||